| 000 | 01151nam a2200337 i 4500 | ||
|---|---|---|---|
| 001 | 21552219 | ||
| 003 | EG-ScBUE | ||
| 005 | 20230514094226.0 | ||
| 008 | 200604t2021 nyua f 001 0 eng d | ||
| 020 | _a9780500296059 | ||
| 040 |
_aDLC _beng _erda _cDLC _dEG-ScBUE |
||
| 043 | _an-us--- | ||
| 082 | 0 | 4 |
_222 _a702.373 _bLAZ |
| 100 | 1 |
_aLazzari, Margaret R., _eauthor. |
|
| 245 | 1 | 4 |
_aThe practical handbook for the emerging artist / _cMargaret R. Lazzari. |
| 264 | 1 |
_aNew York : _bThames & Hudson Inc., _c[2021] |
|
| 264 | 4 | _cc2021 | |
| 300 |
_aviii, 296 pages : _billustrations (some color) ; _c24 cm |
||
| 336 |
_atext _btxt _2rdacontent |
||
| 337 |
_aunmediated _bn _2rdamedia |
||
| 338 |
_avolume _bnc _2rdacarrier |
||
| 500 | _aIncludes index. | ||
| 500 | _aIncludes appendix. | ||
| 650 | 7 |
_2BUEsh _aArtists _xVocational guidance _zUnited States. |
|
| 650 | 7 |
_2BUEsh _aCareer development _zUnited States. |
|
| 653 |
_bART _cMay2023 |
||
| 655 | _vReading book | ||
| 906 |
_a0 _bibc _corignew _d2 _eepcn _f20 _gy-gencatlg |
||
| 942 |
_2ddc _cBB |
||
| 999 |
_c30350 _d30321 |
||